000 00929nam a2200253 i 4500
001 bg
245 0 0 _aWybrane zagadnienia ochrony powietrza w inżynierii cieplnej /
_c[red. nauk. Kazimierz Maczek] ; Politechnika Krakowska im. Tadeusza Kościuszki.
260 _aKraków :
_bPK,
_c1998.
300 _a154 s. :
_brys., wykr. ;
_c25 cm.
490 1 _aMonografia. Inżynieria Sanitarna i Wodna
500 _aISSN i nr serii gł. : 0860-097X ; 225. - Streszcz. ang.
504 _aBibliogr. przy rozdz.
650 9 _aEnergetyka
_xzagadnienia
650 9 _aOdpady
_xtechnologia
650 9 _aPowietrze
_xhigiena i ochrona
_xzagadnienia
650 9 _aTermodynamika techniczna
_xzagadnienia
700 1 _aMACZEK, Kazimierz.
_eRed.
830 0 _aMonografia.
_pInżynieria Sanitarna i Wodna
040 _cBPK
041 0 _apl
_ben
080 _a628.5:620.9:621.5:628.4
942 _cKS
008 s pl f |000 0 pol
999 _c37893
_d37893
856 _uhttp://koha.tu.koszalin.pl/cgi-bin/koha/opac-detail.pl?biblionumber=37893
_yKatalog online BPK